000 00598cam a2200181 4500500
005 20260329015431.0
041 _afre
042 _adc
100 1 0 _aScherrmann, Marie-Christine
_eauthor
700 1 0 _aMalacria, Max
_eauthor
700 1 0 _aGoddard, Jean-Philippe
_eauthor
700 1 0 _aOllivier, Cyril
_eauthor
245 0 0 _aWater chemistry
260 _c2026.
500 _a45
786 0 _nChemical risk prevention manager | - | 2026-03-11 | p. 9-9
856 4 1 _uhttps://stm.cairn.info/synthesis-routes-and-alternative-solvents--bdti42492210-k1210-page-9?lang=en&redirect-ssocas=7080
999 _c1897891
_d1897891